| 000 | 00946nam a2200265Ia 4500 | ||
|---|---|---|---|
| 003 | OSt | ||
| 005 | 20220923211537.0 | ||
| 006 | a|||||r|||| 00| 0 | ||
| 007 | ta | ||
| 008 | 220922b |||||||| |||| 00| 0 hin d | ||
| 020 |
_a9789382848608 (hbk) _c250 |
||
| 024 | _a320,804 | ||
| 037 |
_b9354, 27/03/2017, Rajkamal Prakashan Pvt. Ltd _cTextual |
||
| 040 |
_aARTS _cARTS _bhin |
||
| 041 |
_2hin _ahin |
||
| 082 | _aO152,6N54x, Q4 | ||
| 100 | _aकश्यप, मदन, ले. | ||
| 245 | 0 | _aराष्ट्रवाद का संकट | |
| 246 | _aRāṣhṭravād kā sankaṭa | ||
| 260 |
_aनयी दिल्ली _b प्रकाशन संस्थान _c2014 |
||
| 300 |
_a160पृ. _ccm. |
||
| 650 | _aहिन्दी निबंध | ||
| 942 |
_hO152,6N54x, Q4 _cTEXL _2CC |
||
| 999 |
_c300629 _d300629 |
||